[Event "AUTO-OPEN-3311"]
[Site "http://www.queenalice.com/game.php?id=1302030"]
[Date "2014.8.17"]
[Round "1"]
[White "AfeuLira"]
[Black "leandrovinsk"]
[Result "1-0"]
[WhiteElo "2161"]
[BlackElo "1422"]

1. e4 c5 2. d4 cxd4 3. Qxd4 Nc6 4. Qd3 e6 5. Nc3 Nf6 6. Be3 d5 7. exd5 Nxd5 8.
Nxd5 exd5 9. O-O-O Be6 10. Nf3 Be7 11. Nd4 Nb4 12. Qb3 O-O 13. Nxe6 Nxa2+ 14.
Qxa2 Qc8 15. Nxf8 Kxf8 16. Qxd5 b6 17. Qd7 Qa6 18. Bxa6 Rd8 19. Qxa7 1-0

[Event "AUTO-OPEN-3311"]
[Site "http://www.queenalice.com/game.php?id=1302031"]
[Date "2014.8.17"]
[Round "1"]
[White "leandrovinsk"]
[Black "MarTraM"]
[Result "0-1"]
[WhiteElo "1429"]
[BlackElo "2424"]

1. e4 e5 2. Nf3 Nc6 3. d4 exd4 4. Nxd4 Bc5 5. c3 Qf6 6. Qd2 Nxd4 7. cxd4 Qxd4 8.
Nc3 Qxd2+ 9. Bxd2 d6 10. h4 Nf6 11. Be2 O-O 12. g4 Nxg4 13. f3 Ne3 14. Bd3 f5
15. Bxe3 Bxe3 16. Nd5 Bb6 17. Ne7+ Kh8 18. h5 fxe4 19. Ng6+ hxg6 20. hxg6+ Kg8
21. Bxe4 Be6 22. b3 d5 23. Bd3 Rxf3 24. Ke2 Raf8 25. Rhf1 Rxf1 26. Rxf1 Bg4+ 27.
Kd2 Rxf1 28. Bxf1 Bf5 29. Bd3 Bxd3 30. Kxd3 Kf8 31. a4 a5 32. Kc3 Ke7 33. b4 Kf6
0-1

[Event "AUTO-OPEN-3311"]
[Site "http://www.queenalice.com/game.php?id=1302032"]
[Date "2014.8.17"]
[Round "1"]
[White "MarTraM"]
[Black "leandrovinsk"]
[Result "1-0"]
[WhiteElo "2421"]
[BlackElo "1431"]

1. d4 e6 2. Bf4 d5 3. e3 Nf6 4. Nf3 Be7 5. Bd3 O-O 6. O-O c5 7. c3 cxd4 8. cxd4
Nc6 9. Nc3 Re8 10. Qc2 h5 11. h3 Bd6 12. Bg5 e5 13. Nxd5 Be7 14. Nxe7+ Qxe7 15.
Bb5 Bxh3 16. gxh3 Rac8 17. Qb3 exd4 18. Nxd4 Qe4 19. Bxf6 Nxd4 20. Bxd4 Re6 21.
Kh2 g5 22. Bc4 g4 23. Bxe6 fxe6 24. Rg1 Kf7 25. Rg3 gxh3 26. Rxh3 Rc2 27. Rf1
Qf5 28. Qxb7+ Kg6 29. Qg7# 1-0

[Event "AUTO-OPEN-3311"]
[Site "http://www.queenalice.com/game.php?id=1302033"]
[Date "2014.8.17"]
[Round "1"]
[White "leandrovinsk"]
[Black "BOSQUES"]
[Result "0-1"]
[WhiteElo "1433"]
[BlackElo "1842"]

1. d4 d5 2. c4 c6 3. Nf3 Bf5 4. Nc3 e6 5. e3 Nf6 6. b3 Be7 7. Ne2 Nbd7 8. Ng3
Bb4+ 9. Bd2 Qa5 10. cxd5 cxd5 11. Be2 Ne4 12. Nxe4 Bxe4 13. a3 Bxd2+ 14. Nxd2
Rc8 15. O-O O-O 16. Nxe4 dxe4 17. Qc2 Rxc2 18. b4 Qc7 19. f3 Rxe2 0-1

[Event "AUTO-OPEN-3311"]
[Site "http://www.queenalice.com/game.php?id=1302034"]
[Date "2014.8.17"]
[Round "1"]
[White "BOSQUES"]
[Black "leandrovinsk"]
[Result "1-0"]
[WhiteElo "1824"]
[BlackElo "1427"]

1. d4 c5 2. c3 cxd4 3. cxd4 d6 4. e4 g6 5. Qc2 Bg7 6. Be3 Nf6 7. Nc3 O-O 8. Bd3
b6 9. Nf3 Bb7 10. O-O Na6 11. a3 b5 12. Nxb5 d5 13. e5 Ng4 14. Bf4 e6 15. h3 Rc8
16. Qd2 Nxf2 17. Rxf2 f6 18. Nxa7 Rb8 19. exf6 Bxf6 20. Bxa6 Bxa6 21. Nc6 Qd7
22. Nxb8 Rxb8 23. Bxb8 h5 24. Rc1 Qd8 25. Bc7 Qa8 26. Be5 Bg7 27. Bxg7 Kxg7 28.
Rc7+ Kf6 29. Qg5# 1-0

[Event "AUTO-OPEN-3366"]
[Site "http://www.queenalice.com/game.php?id=1317380"]
[Date "2014.10.23"]
[Round "1"]
[White "Snoopy_GM"]
[Black "leandrovinsk"]
[Result "1-0"]
[WhiteElo "1864"]
[BlackElo "1434"]

1. d4 Nc6 2. Nf3 d5 3. Bf4 Nf6 4. e3 e6 5. Bb5 Bd7 6. O-O Bd6 7. Bxd6 cxd6 8.
Qe2 O-O 9. Nc3 a6 10. Bxc6 Bxc6 11. a3 h6 12. b4 Re8 13. h3 e5 14. Rad1 exd4 15.
Nxd4 Bb5 16. Ndxb5 axb5 17. Nxb5 Re7 18. c4 dxc4 19. Nxd6 Rxa3 20. Nxc4 Qa8 21.
Nxa3 Qxa3 22. Rd8+ Ne8 23. Qb5 Kf8 24. Rfd1 Rxe3 25. fxe3 Qxe3+ 26. Kh1 g5 27.
Qc5+ Kg7 28. Qxe3 1-0

[Event "AUTO-OPEN-3366"]
[Site "http://www.queenalice.com/game.php?id=1317381"]
[Date "2014.10.23"]
[Round "1"]
[White "leandrovinsk"]
[Black "Snoopy_GM"]
[Result "0-1"]
[WhiteElo "1440"]
[BlackElo "1903"]

1. e4 e5 2. Nf3 Nc6 3. Bb5 Nge7 4. Nc3 g6 5. d4 exd4 6. Nxd4 Bg7 7. Bxc6 Nxc6 8.
O-O Bxd4 9. Re1 O-O 10. Bh6 Bxc3 11. bxc3 Re8 12. Qf3 Re6 13. h4 Qxh4 14. c4
Qxh6 15. g3 Ne5 16. Qc3 Ng4 17. Kf1 Qh1+ 18. Ke2 Rxe4+ 19. Kd1 Rxe1+ 20. Qxe1
Nxf2+ 21. Ke2 Qxe1+ 0-1

[Event "AUTO-OPEN-3366"]
[Site "http://www.queenalice.com/game.php?id=1317406"]
[Date "2014.10.23"]
[Round "1"]
[White "Severynnas"]
[Black "leandrovinsk"]
[Result "0-1"]
[WhiteElo "1584"]
[BlackElo "1432"]

1. d4 e6 2. c4 Nf6 3. Nc3 d5 4. cxd5 Nxd5 5. e4 Nb6 6. Nf3 Bb4 7. a3 Bxc3+ 8.
bxc3 Nc6 9. h4 O-O 10. Bb5 Bd7 11. O-O a6 12. Bd3 Re8 13. Re1 h6 14. Bf4 Ne7 15.
c4 f5 16. exf5 Nxf5 17. Bxf5 exf5 18. Ne5 Qxh4 19. g3 Qh3 20. c5 Be6 21. Rb1 Bd5
22. Nf3 Rxe1+ 23. Qxe1 Bxf3 24. Qe6+ Kh8 25. cxb6 Qg2# 0-1

[Event "AUTO-OPEN-3366"]
[Site "http://www.queenalice.com/game.php?id=1317407"]
[Date "2014.10.23"]
[Round "1"]
[White "leandrovinsk"]
[Black "Severynnas"]
[Result "1-0"]
[WhiteElo "1491"]
[BlackElo "1540"]

1. d4 e6 2. Nf3 Nf6 3. c4 Bb4+ 4. Nc3 Ne4 5. Bd2 Nxd2 6. Qxd2 O-O 7. e3 h6 8.
Be2 b6 9. O-O Bb7 10. a3 Bxc3 11. Qxc3 c5 12. Rad1 cxd4 13. Rxd4 a5 14. Rg4 f6
15. Rg6 Nc6 16. e4 Ne5 17. Nxe5 fxe5 18. Qxe5 Rf6 19. Rxf6 gxf6 20. Qf4 f5 21.
exf5 exf5 22. Qxf5 d6 23. Re1 Qg5 24. Qe6+ Kg7 25. Qd7+ Kf6 26. Qxb7 Re8 27.
Qxb6 Qd2 28. Kf1 Qg5 29. Qxd6+ Kf7 30. Qd7+ Kf8 31. g3 Re7 32. Qd8+ Kf7 33. Bh5+
Kf6 34. Qxe7+ Kf5 35. Qe5# 1-0

[Event "AUTO-INT-2916"]
[Site "http://www.queenalice.com/game.php?id=1317457"]
[Date "2014.10.23"]
[Round "1"]
[White "LeandroJunio"]
[Black "leandrovinsk"]
[Result "0-1"]
[WhiteElo "1664"]
[BlackElo "1528"]

1. e4 c5 2. Nc3 Nc6 3. Nf3 d6 4. Bb5 Bg4 5. O-O Nf6 6. d3 e6 7. Be3 Be7 8. a3
O-O 9. h3 Bh5 10. b4 Ne5 11. g4 a6 12. Nxe5 dxe5 13. Bc4 Bg6 14. Bxc5 Bxc5 15.
bxc5 Rc8 16. Na4 b5 17. Bxb5 axb5 18. Nc3 Rxc5 19. Qe1 Qa5 20. Ne2 Qxe1 21.
Rfxe1 Rxc2 22. Kg2 h5 23. g5 Nh7 24. h4 Rd8 25. Nc1 Nf8 26. Rb1 Nd7 27. Rxb5 f6
28. Nb3 f5 29. exf5 exf5 30. Na5 Ra2 31. Nc4 Be8 32. Nxe5 Nxe5 33. Rbxe5 Bc6+
34. Kf1 Rxd3 35. Rxf5 Raxa3 36. g6 Rh3 37. Rg5 Rxh4 38. Rg1 Rh2 39. Rd1 Kf8 40.
Rg5 Rh1+ 41. Ke2 Ra2+ 42. Rd2 Rxd2+ 43. Kxd2 h4 44. Rh5 Ke7 45. f4 Rh2+ 46. Ke3
Kf6 47. f5 Ra2 48. Kf4 Ra5 0-1

[Event "AUTO-INT-2916"]
[Site "http://www.queenalice.com/game.php?id=1317458"]
[Date "2014.10.23"]
[Round "1"]
[White "leandrovinsk"]
[Black "LeandroJunio"]
[Result "1-0"]
[WhiteElo "1454"]
[BlackElo "1655"]

1. d4 d5 2. Nf3 Nf6 3. c4 dxc4 4. e3 Nc6 5. Bxc4 Bf5 6. O-O e6 7. Nbd2 Bb4 8. a3
Bxd2 9. Bxd2 O-O 10. h3 Ne4 11. Rc1 Qf6 12. Ba2 a6 13. Qb3 Rab8 14. Bb4 Nxb4 15.
axb4 Qg6 16. Nh4 Qg5 17. Nxf5 Qxf5 18. Rcd1 Rfd8 19. d5 exd5 20. f3 Ng3 21. Rf2
c6 22. Rfd2 Re8 23. Bb1 Qe6 24. Kh2 Qd6 25. f4 Nh5 26. Qd3 g6 27. g3 Qxb4 28. f5
Qd6 29. Rg2 Re7 30. fxg6 hxg6 31. e4 Rbe8 32. exd5 Qxd5 33. Qf1 Qf5 34. Bxf5 1-0

[Event "AUTO-INT-2916"]
[Site "http://www.queenalice.com/game.php?id=1317466"]
[Date "2014.10.23"]
[Round "1"]
[White "daniel0176"]
[Black "leandrovinsk"]
[Result "1-0"]
[WhiteElo "1726"]
[BlackElo "1438"]

1. e4 c5 2. Nf3 Nc6 3. Nc3 d6 4. h3 Nf6 5. Bb5 g6 6. O-O Bg7 7. Bxc6+ bxc6 8. d3
O-O 9. d4 cxd4 10. Qxd4 Ng4 11. Qd2 Bxc3 12. Qxc3 Ne5 13. Ng5 e6 14. Bf4 Bb7 15.
Rad1 Qf6 16. Qg3 h5 17. Rxd6 c5 18. Rfd1 Rfd8 19. Bxe5 Qe7 20. Rxd8+ Rxd8 21.
Rxd8+ Qxd8 22. Qf3 Qd7 23. h4 Qd1+ 24. Qxd1 1-0

[Event "AUTO-OPEN-3426"]
[Site "http://www.queenalice.com/game.php?id=1337992"]
[Date "2015.1.29"]
[Round "1"]
[White "leandrovinsk"]
[Black "Bategoll"]
[Result "0-1"]
[WhiteElo "1509"]
[BlackElo "1861"]

1. c4 f5 2. g3 Nf6 3. Bg2 e6 4. Nc3 Be7 5. Nf3 O-O 6. O-O Nc6 7. h4 d6 8. d3 Rb8
9. Bg5 a6 10. Bxf6 Bxf6 11. h5 Nd4 12. e3 Nxf3+ 13. Bxf3 h6 14. Ne2 Bxb2 15. Rb1
Bf6 16. Nf4 e5 17. Nd5 c6 18. Nb6 Re8 19. Qd2 Be6 20. e4 Bg5 21. Qb2 f4 22. Rfd1
c5 23. Nd5 fxg3 24. fxg3 Bxd5 25. cxd5 Be3+ 26. Kg2 Bd4 27. Qf2 Bxf2 28. Kxf2
Qg5 0-1

[Event "AUTO-OPEN-3426"]
[Site "http://www.queenalice.com/game.php?id=1337996"]
[Date "2015.1.29"]
[Round "1"]
[White "leandrovinsk"]
[Black "Edmorf"]
[Result "0-1"]
[WhiteElo "1516"]
[BlackElo "1849"]

1. c4 c5 2. Nc3 Nf6 3. d3 Nc6 4. g3 e5 5. Bg2 Be7 6. Nf3 O-O 7. O-O d6 8. h4 Nd4
9. b3 Bg4 10. Nb5 a6 11. Nbxd4 cxd4 12. e3 Qd7 13. exd4 Bh3 14. dxe5 dxe5 15.
Nxe5 Qd4 16. Bf4 Bxg2 17. Kxg2 Rfe8 18. Rh1 Bc5 19. Nf3 Qxf2+ 20. Kh3 Nh5 21.
Rf1 Nxf4+ 22. gxf4 Qe3 23. h5 Qxf4 24. Qc2 Qf5+ 25. Kg2 Qg4+ 26. Kh2 Bd6+ 27.
Kh1 Qxh5+ 28. Kg2 Re6 29. Rh1 Qg4+ 30. Kf2 Qg3+ 0-1

[Event "AUTO-OPEN-3426"]
[Site "http://www.queenalice.com/game.php?id=1337997"]
[Date "2015.1.29"]
[Round "1"]
[White "Edmorf"]
[Black "leandrovinsk"]
[Result "1-0"]
[WhiteElo "1863"]
[BlackElo "1549"]

1. e4 c6 2. c4 d5 3. cxd5 cxd5 4. e5 Nc6 5. Bb5 Bd7 6. d4 e6 7. Nf3 f6 8. Bf4
Bb4+ 9. Nbd2 Nge7 10. a3 O-O 11. axb4 fxe5 12. Bxe5 Nxd4 13. Nxd4 Qb6 14. Qg4
Ng6 15. Bxd7 Rad8 16. Bxe6+ Kh8 17. O-O Nxe5 18. Qh4 Qxd4 19. Qxd4 Nc6 20. Qh4
Rde8 21. Bxd5 Re2 22. Be4 Rxd2 23. Qxh7# 1-0

[Event "AUTO-INT-2951"]
[Site "http://www.queenalice.com/game.php?id=1338216"]
[Date "2015.1.30"]
[Round "1"]
[White "NickThorp"]
[Black "leandrovinsk"]
[Result "1-0"]
[WhiteElo "1738"]
[BlackElo "1523"]

1. e4 Nf6 2. Nc3 b6 3. d3 Bb7 4. Bg5 e5 5. Nf3 Be7 6. Nd5 d6 7. Nxe7 Qxe7 8. Be2
O-O 9. O-O Na6 10. a3 h6 11. Bh4 d5 12. c3 Rad8 13. Qb3 dxe4 14. dxe4 Qe6 15.
Qxe6 fxe6 16. Nxe5 Bxe4 17. Bxf6 Rxf6 18. Ng4 Rg6 19. h3 h5 20. Ne3 Rd2 21. Bxa6
Rxb2 22. Bc4 Kf7 23. f3 Ba8 24. Rf2 Rxf2 25. Kxf2 Ke7 26. Rd1 h4 27. Ng4 e5 28.
Nxe5 Rd6 29. Rxd6 cxd6 30. Ng6+ Kf6 31. Nxh4 Ke5 32. Bd3 g5 33. Ng6+ Ke6 34. h4
gxh4 35. Nxh4 d5 36. g4 a5 37. a4 Ke5 38. Ke3 Bc6 39. f4+ Kf6 40. g5+ 1-0

[Event "AUTO-INT-2951"]
[Site "http://www.queenalice.com/game.php?id=1338217"]
[Date "2015.1.30"]
[Round "1"]
[White "leandrovinsk"]
[Black "NickThorp"]
[Result "0-1"]
[WhiteElo "1532"]
[BlackElo "1703"]

1. e4 e5 2. Nf3 Nc6 3. Bb5 Bc5 4. Bxc6 dxc6 5. O-O Nf6 6. d3 h6 7. h3 O-O 8. Nc3
b5 9. Nxe5 Qd6 10. Nf3 b4 11. Na4 Nxe4 12. dxe4 Qe7 13. Bf4 Qxe4 14. Bh2 Bd6 15.
Re1 Qg6 16. b3 Bxh3 17. g3 Bg4 18. Nb2 Bxf3 19. Qxf3 Qxc2 20. Nd3 a5 21. Rec1
Qd2 22. Rd1 Qc3 23. Rac1 Qd4 24. Qxc6 Rfe8 25. Nxb4 Qxb4 26. Kf1 Rad8 27. Kg2
Re2 28. Re1 Rxe1 29. Rc4 Qb6 30. Bg1 Qxc6+ 31. Rxc6 Re2 32. a4 Rb8 33. Kh3 Rxb3
34. Kg2 Rxg3+ 35. Kf1 Rxg1+ 36. Kxg1 h5 37. Kg2 Ra2 38. Ra6 Rxa4 39. Ra7 Ra2 0-1

[Event "AUTO-INT-2951"]
[Site "http://www.queenalice.com/game.php?id=1338230"]
[Date "2015.1.30"]
[Round "1"]
[White "tango2011"]
[Black "leandrovinsk"]
[Result "1-0"]
[WhiteElo "1599"]
[BlackElo "1546"]

1. c4 Nf6 2. g3 e6 3. Bg2 Bb4 4. a3 Ba5 5. Qb3 c6 6. Nf3 O-O 7. O-O d5 8. cxd5
cxd5 9. Qc2 Nc6 10. b4 Bb6 11. e3 h6 12. Bb2 Re8 13. Ne5 a5 14. Nxc6 bxc6 15.
Qxc6 axb4 16. a4 Ra6 17. Qb5 Ra5 18. Qxb4 Bd7 19. Nc3 Bc5 20. Qb3 Qb6 21. Qc2
Rea8 22. Ra2 Ne4 23. Rfa1 Nxc3 24. Bxc3 R5a6 25. a5 Qd8 26. e4 d4 27. Bb2 Rc8
28. e5 d3 29. Qxd3 Rcc6 30. Bxc6 Rxc6 31. a6 f6 32. exf6 gxf6 33. Qg6+ Kf8 34.
Qxh6+ Ke7 35. Qxf6+ Ke8 36. a7 Bxa7 37. Rxa7 1-0

[Event "AUTO-INT-2951"]
[Site "http://www.queenalice.com/game.php?id=1338231"]
[Date "2015.1.30"]
[Round "1"]
[White "leandrovinsk"]
[Black "tango2011"]
[Result "0-1"]
[WhiteElo "1513"]
[BlackElo "1604"]

1. c4 c5 2. b4 d6 3. d3 e6 4. bxc5 dxc5 5. Nc3 Nf6 6. Nf3 Be7 7. e3 O-O 8. h3 b6
9. Be2 Bb7 10. O-O Bd6 11. Qb3 Nc6 12. Nb5 Na5 13. Qb1 Bc6 14. Rd1 a6 15. Nxd6
Qxd6 16. Qxb6 Nb7 17. Ba3 Nd7 18. Qb2 Rab8 19. h4 Nd8 20. Qc3 Qe7 21. Bb2 f6 22.
h5 Nf7 23. Rab1 Bxf3 24. Bxf3 Nfe5 25. d4 Nxf3+ 26. gxf3 Nb6 27. dxc5 Qxc5 28.
h6 Qg5+ 29. Kf1 e5 30. hxg7 Qxg7 31. f4 Na4 32. Qc2 Nc5 33. Ke2 Qg4+ 34. Kd2
Rfd8+ 35. Kc1 Qh5 36. fxe5 f5 37. Bd4 Ne4 38. Rxb8 Rxb8 39. c5 Rc8 40. c6 Qe8
41. Qb3+ Kg7 42. Qb7+ Kg6 43. Rh1 Qg8 0-1

[Event "AUTO-INT-2951"]
[Site "http://www.queenalice.com/game.php?id=1338238"]
[Date "2015.1.30"]
[Round "1"]
[White "altair"]
[Black "leandrovinsk"]
[Result "0-1"]
[WhiteElo "1788"]
[BlackElo "1500"]

1. e4 e6 2. d4 d5 3. e5 c5 4. Be3 Nc6 5. g3 cxd4 6. Bxd4 Be7 7. Nf3 f6 8. exf6
Nxf6 9. Bg2 O-O 10. O-O a5 11. Qd3 Nxd4 12. Nxd4 Qb6 13. b3 Bc5 14. Nc3 Bxd4 15.
Na4 Qa7 16. Rae1 Ng4 17. c3 Bxf2+ 18. Kh1 Bxe1 19. Rxf8+ Kxf8 20. Qf1+ Nf2+ 21.
Kg1 Ke7 22. Bf3 Bd7 23. Kg2 Rf8 24. Qxe1 Bxa4 25. bxa4 Rf6 26. Bxd5 Nd1 27. Bxe6
Rxe6 28. Qxd1 Qa6 29. Qg4 Qe2+ 30. Qxe2 Rxe2+ 31. Kg1 Rxa2 32. h4 Rxa4 0-1

[Event "AUTO-INT-2951"]
[Site "http://www.queenalice.com/game.php?id=1338239"]
[Date "2015.1.30"]
[Round "1"]
[White "leandrovinsk"]
[Black "altair"]
[Result "0-1"]
[WhiteElo "1507"]
[BlackElo "1721"]

1. d4 d5 2. c4 e6 3. Nc3 dxc4 4. e3 Nf6 5. Nf3 a6 6. Bxc4 g6 7. O-O Bg7 8. Qb3
b5 9. Bd3 O-O 10. h3 Re8 11. Ne4 Bb7 12. Nxf6+ Qxf6 13. Bd2 Bxf3 14. gxf3 Qxf3
15. Kh2 Nd7 16. Qd1 Qd5 17. Qg4 Nf6 18. Rae1 Nxg4+ 0-1